مناهج الدعوة وأساليبها في جمعية بركيم /
Saved in:
| Main Author: | |
|---|---|
| Other Authors: | |
| Format: | Thesis |
| Language: | Arabic |
| Published: |
Kuala Lumpur :
Kulliyah of Islamic Revealed Knowledge and Human Sciences, International Islamic University Malaysia,
1998
|
| Subjects: | |
| Online Access: | http://studentrepo.iium.edu.my/handle/123456789/9223 |
| Tags: |
Add Tag
No Tags, Be the first to tag this record!
|
| LEADER | 017410000a22003490004500 | ||
|---|---|---|---|
| 008 | 200824s1998 my a f m 000 0 ara d | ||
| 040 | |a UIAM |b eng |e rda | ||
| 041 | |a ara | ||
| 043 | |a a-my--- | ||
| 050 | |a BPA766 | ||
| 100 | 1 | |a محمد حكمت شاكر | |
| 242 | 1 | |a Manahij al-da'wah wa-asalibuha fi Jam'iyah Barkim | |
| 245 | 1 | 0 | |a مناهج الدعوة وأساليبها في جمعية بركيم / |c حكمت شاكر محمد |
| 264 | 1 | |a Kuala Lumpur : |b Kulliyah of Islamic Revealed Knowledge and Human Sciences, International Islamic University Malaysia, |c 1998 | |
| 300 | |a [xii], 156 leaves : |b illustrations ; |c 30cm. | ||
| 336 | |2 rdacontent |a text | ||
| 347 | |2 rdaft |a text file |b PDF | ||
| 502 | |a Thesis (MAIRKUD)--International Islamic University Malaysia, 1998. | ||
| 504 | |a Includes bibliographical references (leaves 151 - 156). | ||
| 520 | |a | ||
| 596 | |a 1 | ||
| 610 | 2 | 0 | |a Pertubuhan Kebajikan Islam Malaysia |
| 655 | 7 | |a Theses, IIUM local | |
| 690 | |a Dissertations, Academic |x Department of Usul al-Din and Comparative Religion |z IIUM | ||
| 691 | |a Da'wah |x Methodology | ||
| 700 | 1 | |a Muhammad, Hikmat Shakir | |
| 710 | 2 | |a International Islamic University Malaysia. |b Department of Usul al-Din and Comparative Religion | |
| 856 | 4 | |u http://studentrepo.iium.edu.my/handle/123456789/9223 | |
| 900 | |a zhmn to mrd to sn to naw to syl to naw-naw to syl to sn | ||
| 999 | |c 438123 |d 467844 | ||
| 952 | |0 0 |6 T BPA 766 M4 H55 1998 |7 0 |8 THESES |9 758894 |a IIUM |b IIUM |c MULTIMEDIA |g 0.00 |o t BPA 766 M4 H55 1998 |p 00011284447 |r 2020-09-28 |t 1 |v 0.00 |y THESIS | ||
| 952 | |0 0 |6 TS CDF BPA 766 M4 H55 1998 |7 0 |8 THESES |9 850796 |a IIUM |b IIUM |c MULTIMEDIA |g 0.00 |o ts cdf BPA 766 M4 H55 1998 |p 11100412624 |r 2020-09-28 |t 1 |v 0.00 |y THESISDIG | ||
